Every NBA YoungBoy Project - Statistics

General Stats
  • This quiz has been taken 293 times
  • The average score is 21 of 33
Answer Stats
Hint Answer % Correct
Mixtape (2017) AI YoungBoy
93%
Mixtape (2019) AI YoungBoy 2
89%
Mixtape (2018) Realer
84%
Album (2020) Top
84%
Mixtape (2016) 38 Baby
79%
Mixtape (2022) Colors
79%
Mixtape (2022) Realer 2
79%
Album (2022) The Last Slimeto
79%
Album (2021) Sincerely Kentrell
76%
Album (2018) Until Death Call My Name
75%
Collab Mixtape (2021) ft. Birdman From The Bayou
74%
Mixtape (2018) Decided
73%
Album (2023) Don't Try This At Home
73%
Mixtape (2020) Still Flexin, Still Steppin
70%
Mixtape (2020) 38 Baby 2
69%
Collab Mixtape (2022) ft. Quando Rondo 3860
68%
Mixtape (2015) Mind Of A Menace
66%
Mixtape (2022) Ma' I Got A Family
63%
Mixtape (2022) 3800 Degrees
62%
Mixtape (2020) Until I Return
62%
Collab Mixtape (2022) ft. DaBaby Better Than You
61%
Album (2023) I Rest My Case
61%
Collab Mixtape (2017) ft. Moneybagg Yo Fed Baby's
60%
Mixtape (2016) Mind Of A Menace 2
60%
Mixtape (2016) Mind Of A Menace 3
58%
Mixtape (2016) Before I Go
54%
Mixtape (2022) Lost Files
54%
Collab Mixtape (2020) ft. Rich The Kid Nobody Safe
53%
Mixtape (2017) Ain't Too Long
49%
Mixtape (2015) Life Before Fame
44%
Mixtape (2018) Master The Day Of Judgement
44%
Collab Mixtape (2018) ft. VL Deck Kane & O-Dog
30%
Mixtape (2018) 4 Respect, Freedom, Loyalty, What Important
8%
No matching quizzes found
Score Distribution
Percent of People with Each Score
Percentile by Number Answered
Your Score History
You have not taken this quiz